书目信息 |
| 题名: |
合同法实用释解
|
|
| 作者: | 孙礼海 , 孙礼海 主编 | |
| 分册: | ||
| 出版信息: | 北京 工商出版社 1999 |
|
| 页数: | 497页 | |
| 开本: | 20cm | |
| 丛书名: | ||
| 单 册: | ||
| 中图分类: | D923.65 | |
| 科图分类: | ||
| 主题词: | 合同法--法律解释--中国 | |
| 电子资源: | ||
| ISBN: | 7-80012-458-4 | |
| 000 | 01038nam0 2200313 450 | |
| 000 | 01003nam0 2200301 450 | |
| 000 | 00966nam0 2200289 450 | |
| 000 | 00878nam0 2200277 450 | |
| 000 | 00841nam0 2200265 450 | |
| 000 | 00774nam0 2200241 450 | |
| 001 | 0104000024 | |
| 005 | 20061013095601.65 | |
| 010 | @a7-80012-458-4@dCNY31.00 | |
| 100 | @a20060113d1999 kemy0chiy0110 ea | |
| 101 | 0 | @achi |
| 102 | @aCN@b110000 | |
| 105 | @ay z 000yy | |
| 200 | 1 | @a合同法实用释解@Ahe tong fa shi yong shi jie@f孙礼海主编@Fsun li hai zhu bian |
| 210 | @a北京@c工商出版社@d1999 | |
| 215 | @a497页@d20cm | |
| 330 | @a本书有制定全同法的总体背景、全同法的立法目的、调整范围和原则、全同的订立、合同效力、合同的履行期等内容。 | |
| 606 | 0 | @a合同法@x法律解释@y中国 |
| 690 | @aD923.65@v4 | |
| 701 | 0 | @a孙礼海@9sun li hai@4主编 |
| 701 | 0 | @a孙礼海@Asun li hai@4主编 |
| 801 | 0 | @aCN@b北京荣雅伟业图书经销中心@c20061013 |
| 905 | @aBZT@dD923.65@e1 | |
| 906 | @dCNY31.00@n0@r1 | |
| 合同法实用释解/孙礼海主编.-北京:工商出版社,1999 |
| 497页;20cm |
| ISBN 7-80012-458-4:CNY31.00 |
| 本书有制定全同法的总体背景、全同法的立法目的、调整范围和原则、全同的订立、合同效力、合同的履行期等内容。 |
| ● |
| 相关链接 |
|
|
|
正题名:合同法实用释解
索取号:D923.65/1
 
预约/预借
| 序号 | 登录号 | 条形码 | 馆藏地/架位号 | 状态 | 备注 |
| 1 | 499811 | 230019072 | 中心书库南/013架B面6层7列/ [索取号:D923.65/1] | 在馆 | |
| 2 | 499812 | 230019073 | 中心书库南/013架B面6层7列/ [索取号:D923.65/1] | 在馆 | |
| 3 | 499813 | 230019074 | 中心书库南/013架B面6层7列/ [索取号:D923.65/1] | 在馆 | |
| 4 | 499814 | 230019075 | 中心书库南/013架B面6层7列/ [索取号:D923.65/1] | 在馆 | |
| 5 | 499815 | 230019076 | 中心书库南/013架B面6层7列/ [索取号:D923.65/1] | 在馆 |